Essentials of systems analysis and design / (رقم التسجيلة. 79758)

تفاصيل مارك
000 -الفاتح
حقل البيانات ثابتة الطول 01262cam a22003494a 4500
001 - رقم الضبط
رقم الضبط 13962586
003 - محدد رقم الضبط
رقم الضبط OSt
005 - وقت وتاريخ اخر تعامل مع التسجيلة
رقم الضبط 20220315115438.0
008 - عناصر البيانات ثابتة الطول - معلومات عامة
حقل البيانات ثابتة الطول 050512s2015 njua b 001 0 eng
010 ## - رقم ضبط مكتبة الكونجرس
رقم ضبط مكتبة الكونجرس 2005048853
015 ## - رقم الببليوجرافية الوطنية
رقم الببليوجرافية الوطنية GBA556380
المصدر bnb
016 7# - رقم ضبط الوكاله الوطنية للضبط الببليوجرافي
رقم ضبط التسجيلة 013245259
المصدر Uk
020 ## - الرقم الدولى المعيارى للكتب
الرقم الدولى المعيارى للكتاب 9781292076614
035 ## - رقم ضبط النظام
رقم ضبط النظام (OCoLC)ocm60401684
040 ## - مصدر الفهرسة
وكالة الفهرسة الأصلية DLC
وكالة النسخ DLC
وكالة التعديل UKM
-- BAKER
-- C#P
-- DLC
042 ## - رمز التحقق
رمز التحقق pcc
050 00 - رقم طلب مكتبة الكونجرس
رقم التصنيف QA76.9.S88
رقم المادة V345 2006
082 00 - رقم تصنيف ديوى العشرى
رقم التصنيف 004.21
رقم الطبعة 22
رقم المادة VJE
100 1# - المدخل الرئيسى - إسم شخصى
الإسم الشخصى Valacich, Joseph S.,
التواريخ المصاحبة للاسم 1959-
9 (RLIN) 89588
245 10 - بيان العنوان
العنوان Essentials of systems analysis and design /
بيان المسئوليه,etc Joseph S. Valacich, Joey F. George, Jeffrey A. Hoffer.
250 ## - بيان الطبعة
بيان الطبعة 3rd ed.
260 ## - PUBLICATION, DISTRIBUTION, ETC. (IMPRINT)
مكان الناشر او الموزع Upper Saddle River, N.J. :
اسم الناشر او الموزع Pearson Prentice Hall,
تاريخ النشر أو التوزيع c2006.
300 ## - الوصف المادى
التعداد xxviii, 451 p. :
تفاصيل ماديه اخرى للوعاء col. ill. ;
أبعاد الوعاء 28 cm.
504 ## - تبصرة ببليوجرافية
تبصرة ببليوجرافية,الخ Includes bibliographical references (p. 429-433) and index.
650 #0 - المدخل الاضافى بالموضوع-مصطلح موضوعى
مصطلح موضوعي أو اسم جغرافي كعنصر مدخل System design.
9 (RLIN) 4842
650 #0 - المدخل الاضافى بالموضوع-مصطلح موضوعى
مصطلح موضوعي أو اسم جغرافي كعنصر مدخل System analysis.
9 (RLIN) 4033
700 1# - المدخل الاضافى - اسم شخصى
الإسم الشخصى George, Joey F.
9 (RLIN) 5374
700 1# - المدخل الاضافى - اسم شخصى
الإسم الشخصى Hoffer, Jeffrey A.
9 (RLIN) 5373
906 ## - عنصر بيانات محلى F, LDF (RLIN)
a 7
b cbc
c orignew
d 1
e ocip
f 20
g y-gencatlg
942 ## - عناصر المدخل الإضافي( كوها)
مصدر التصنيف او مخطط الترفيف Dewey Decimal Classification
Koha [default] item type كتاب
المقتنيات
حالة الفقد نموذج السعر الفعال حالة تلف ليس للاعارة رقم الطلب تاريخ الاكتساب الموقع الحالي الباركود الفرع الرئيسي Date last seen نوع المادة فى نظام كوها مصدر التصنيف او خطة الترفيف Total Checkouts Total Renewals Date last checked out
  2022-03-15     004.21 VJE 2022-03-15 المكتبة المركزية بالمجمعة (CL) 00169140 المكتبة المركزية بالمجمعة (CL) 2022-03-15 كتاب Dewey Decimal Classification      
  2022-03-15     004.21 VJE 2022-03-15 المكتبة المركزية بالمجمعة (CL) 00169141 المكتبة المركزية بالمجمعة (CL) 2023-09-03 كتاب Dewey Decimal Classification 2 1 2023-03-27
  2022-03-15     004.21 VJE 2022-03-15 مكتبة مجمع الكليات بالزلفى - طلاب (SZM) 00169142 مكتبة مجمع الكليات بالزلفى - طلاب (SZM) 2022-03-15 كتاب Dewey Decimal Classification